000 00737nam a2200181 a 4500
001 000029469
005 20200930055555.0
008 110415s2003 000 spa d
040 _aDO-SdBNP
_bspa
_cBNPHU
082 _axxxx
_bC748
100 1 _aCalderón, Leonor
_956342
245 1 0 _aJuventud, pobreza y desarrollo en América Latina y el Caribe. /
_cLeonor Calderón.
260 _aSanto Domingo :
_bCEPAL,
_c[2003].
300 _a44 P. ;
_c28 cm.
500 _aIncluye referencias bibliográficas y notas al pie de las páginas
504 _aBibliografía : p.43-44
711 1 _aConferencia de Primeras Damas, Esposas y Representantes de Jefes de Estado y de Gobierno de las Américas
_n(12a
_d2003 oct. 15-16:
_cSanto Domingo)
_956343
999 _c28961
_d28961